| 000 | 00632nam a2200205 4500 | ||
|---|---|---|---|
| 999 |
_c14667 _d14667 |
||
| 003 | MIRAKIL | ||
| 005 | 20211208152521.0 | ||
| 008 | 211208b tu ||||| |||| 00| 0 tur d | ||
| 040 |
_aTR-AnCHP _cTR-AnCHP |
||
| 041 | _atur | ||
| 082 |
_a956.06 _bG66a 1988 |
||
| 100 | _aGordlevski, Vladimir Aleksandroviç, | ||
| 245 | 1 | 0 |
_aAnadolu Selçuklu Devleti / _cV. Gordlevski ; çeviren Azer Yaran |
| 260 |
_aAnkara : _bOnur Yayınları, _c1988 |
||
| 300 |
_a345 s.: _c20 sm. |
||
| 504 | _aBibliyografik bilgi içerir. | ||
| 650 | 0 |
_95711 _aAnadolu Selçuklu Devleti _xTarih |
|
| 700 |
_96869 _aYaran, Azer _eçev. |
||
| 942 |
_2ddc _cBKS |
||